Popular apparel A-Z - Statistics

General Stats
  • This quiz has been taken 37 times
    24 since last reset
  • The average score is 11 of 24
Answer Stats
Letter Clothes % Correct
S Swimsuit, sweatshirt, suit, sombrero, sneakers, skirt, shirt
93%
H Hat, hoodie, headscarf, handbag, halter top
86%
J Jumpsuit, jacket, jeans, jumper
86%
B Bandanna, baseball cap, belt, bedclothes, bikini, bra, bracelet
79%
C Cardigan, cap, camouflage, coat, cowboy hat
71%
P Purse, pullover, poncho, panama hat, pants, pajama
71%
T Trousers, t-shirt, tunic, tops
71%
D Dress, dinner jacket, dress shirt, dungarees
64%
G Gown, gloves, glasses
64%
U Uniform, underwear, undershirt, underpants
64%
E Evening gown, earmuffs, earring
50%
M Miniskirt, mittens, moccasins, muffler
50%
N Nightshirt, necklace
50%
V Veil, visor, vestments, vest
43%
K Kimono, khakis, kerchief, knit shirt, knee socks, knickers
36%
R Raincoat, rugby shirt, robe
36%
F Fur coat, flannel shirt, fedora
21%
L Leather jacket, leggings, loafers, lapel
21%
O Overshirt, overcoat, overalls, onesies
21%
W Wetsuit, wedding gown, waistcoat, windbreaker
21%
A Ascot, abaya, apron
14%
I Ice skates, indoor shoes, infant-wear
7%
Y Yoke
0%
Z Zoris
0%
No matching quizzes found
Score Distribution
Percent of People with Each Score
Percentile by Number Answered
Your Score History
You have not taken this quiz since the last reset